000 00383nam a2200157Ia 4500
008 230917s9999||||xx |||||||||||||| ||und||
020 _cRS85
040 _e3651
_aMAIN
041 _aEnglish
082 _a320.9 S54P
100 _aSomjee, A H
245 0 _aPolitical capacity in developing societies
260 _aLondon
_bMacmillan
_c1982
300 _avii, 124 p.
942 _cBK
999 _c229044
_d229044